00868 a2200217 4500010001400000020002300014035001300037037001600050082001200066090001500078100001900093245006700112260009200179270004500271300003100316490007300347500005200420942002600472999001500498952013700513 aENG-88895 c270.00a8186514104 aEN-72428 bDBAD / PUB14a621.362 c9631d9631 aHradaynath, R.1 aAn introduction to night vision technology /cby R. Hradaynath aNew DelhibDefence Research & Development Organisation(DRDO), Ministry of Defencec2002 aMinistry of Defence,bNew Delhie110 011 axiii, 165p. :c23cm (pbk) aDRDO monographs/special publications series/edited by Mohinder Singh aIncludes bibliographical references and index adplcENk621.362/ HRA c9457d9457 00102ddc40718NFICaDBADbDBADeDBAD/PUBg270.00l0o621.362 HRApEN-72428r2008-09-15 00:00:00t1u10441v270.00w2008-09-15yEN